| 000 | 00578nam a22001577a 4500 | ||
|---|---|---|---|
| 082 |
_a891.439107 _bYAQ |
||
| 100 | _aYaqoob, Qasim | ||
| 245 |
_aUrdu mina Asloob awr Asloob ky Mubahis : (Muntakhib Tanqeedi Maqalaat) / _cArranged by Qasim Yaqoob, |
||
| 260 |
_akarachi; _bCity Book Point, _c2017. |
||
| 300 |
_a400p. : _c29cm. |
||
| 563 | _aHB | ||
| 880 |
_6100-01(3\r _a قاسم یعقوب |
||
| 880 |
_6245-02\(3\r _aسلوب اور اسلوبیات کا مباحثہت / |
||
| 880 |
_6260-03\(3\r _aکراچی ؛ _bسٹی بُک پوائنٹ, _c2017 |
||
| 942 |
_2ddc _cBK |
||
| 999 |
_c614176 _d614176 |
||